Religious Culture of India (Record no. 10599)

MARC details
000 -LEADER
fixed length control field 00628nam a2200241 a 4500
020 ## - INTERNATIONAL STANDARD BOOK NUMBER
ISBN 8185618
082 00 - DEWEY DECIMAL CLASSIFICATION NUMBER
Classification number 294.54
Author Cutter HAR
100 ## - MAIN ENTRY--AUTHOR NAME
Author name Hardy, Friedhelm
245 ## - TITLE STATEMENT
Title Religious Culture of India
Sub title Power, Love and Wisdom
260 ## - PUBLICATION, DISTRIBUTION, ETC. (IMPRINT)
Place of publication Delhi
Name of publisher Cambridge University Press
Year of publication 1995
300 ## - PHYSICAL DESCRIPTION
Number of Pages 613p
500 ## - GENERAL NOTE
General note includes index and biblioraphy
505 2# - FORMATTED CONTENTS NOTE
Formatted contents note Index
650 ## - SUBJECT ADDED ENTRY--TOPICAL TERM
Topical Term Hinduism and Culture
942 ## - ADDED ENTRY ELEMENTS (KOHA)
Koha item type Books
700 1# -
-- Hardy, Friedhelm
Holdings
Collection code Home library Current library Date acquired Cost, normal purchase price Full call number Accession Number Koha item type
  Henry Martyn Institute Library Henry Martyn Institute Library 07/25/2007 695.00 294.54 HAR 016923 Books
                   Copyright © 2026 | Henry Martyn Institute | Hyderabad | TS-500052 | INDIA | Implemented by hmi.edu.in
Hit-Count:

Powered by Koha